El Partido Agrario Laborista 1945-1958

Tallennettuna:
Bibliografiset tiedot
Päätekijä: Garay Vera, Cristián (Tekijä)
Aineistotyyppi: Kirja
Kieli:espanja
Julkaistu: Santiago Andrés Bello 1990
Aiheet:
Tagit: Lisää tagi
Ei tageja, Lisää ensimmäinen tagi!

MARC

LEADER 00000nam a2200000 a 4500
001 UCZ0407
003 CL-VaPUC
008 950728e19900000CL |||||||||||||||||spa|d
082 0 4 |a 324.209  |b GAR  |2 21 
100 |a Garay Vera, Cristián  |e author  |9 489553 
245 1 3 |a El Partido Agrario Laborista 1945-1958 
300 |a 245 p 
942 |c BK 
945 |d 19950728 00:00:00  |a rbrito 
260 |a Santiago  |b Andrés Bello  |c 1990 
600 0 7 |a PARTIDO AGRARIO LABORISTA  |2 CL-VaPUC  |9 343220 
650 0 |a Política  |9 255312 
650 0 |a Partidos políticos  |9 254999 
650 7 |a HISTORIA 1945 - 1958  |2 CL-VaPUC  |9 343221 
651 7 |a CHILE  |2 CL-VaPUC  |9 343222 
583 |a last modification  |c 19950728 00:00:00  |k Rodrigo Vera 
999 |c 237338  |d 237336 
952 |0 0  |1 0  |4 0  |6 324_209000000000000_GAR_1990  |7 0  |8 A  |9 246276  |a BIBHIS  |b BIBHIS  |d 2019-11-18  |i 3114406  |l 2  |o 324.209 GAR 1990  |p 3114406  |r 2025-05-06  |s 2025-04-23  |w 2019-11-18  |y BK  |k HIS